000 00506nam a2200181Ia 4500
005 20250508150738.0
008 008 250505s9999 xx 000 0 eng d
037 _aTextual
040 _aFEDL
_beng
_cFEDL
041 _aeng
_2eng
084 _a821.8, EVA
_qFEDL
100 _aEvans Marjorie R
_9757525
245 0 _aAnthology of victorian verse
260 _aLondon, UK
_bMethuen and Company Limited
_c1949
300 _a245p.
942 _cTEXL
_h821.8, EVA
999 _c1325410
_d1325410